Swamy's Compilation of FR & SR Part II : (Record no. 3240)

MARC details
000 -LEADER
fixed length control field 00560nam a2200169 a 4500
005 - DATE AND TIME OF LATEST TRANSACTION
control field 20260112063302.0
039 ## - LEVEL OF BIBLIOGRAPHIC CONTROL AND CODING DETAIL [OBSOLETE]
Level of rules in bibliographic description 202110281258
Level of effort used to assign nonsubject heading access points staff
Level of effort used to assign subject headings 201210250042
Level of effort used to assign classification staff
-- 201010070326
-- staff
082 ## - DEWEY DECIMAL CLASSIFICATION NUMBER
Classification number 651.3
Item number MUT [ Shelf 38 ]
100 ## - MAIN ENTRY--PERSONAL NAME
Personal name Muthuswamy
245 ## - TITLE STATEMENT
Title Swamy's Compilation of FR & SR Part II :
Remainder of title Travelling Allowances /
Statement of responsibility, etc. Muthuswamy and Brinda
260 ## - PUBLICATION, DISTRIBUTION, ETC.
Place of publication, distribution, etc. Chennai :
Name of publisher, distributor, etc. Swamy Publishers ,
Date of publication, distribution, etc. 2009
300 ## - PHYSICAL DESCRIPTION
Extent 256p.
650 ## - SUBJECT ADDED ENTRY--TOPICAL TERM
Topical term or geographic name entry element Travelling Allowances
991 ## -
-- VIRTUA40
991 ## -
-- VTLSSORT0080*0820*1000*2450*2600*3000*6500*9992
909 ## -
-- 3661
Holdings
Withdrawn status Lost status Damaged status Not for loan Home library Current library Date acquired Total checkouts Full call number Barcode Copy number Koha item type
        Indian Institute Of Management, Shillong Indian Institute Of Management, Shillong 14/10/2010   651.3 MUT [ Shelf 38 ] 0006370   Reference
        Indian Institute Of Management, Shillong Indian Institute Of Management, Shillong 14/10/2010   651.3 MUT [ Shelf 38 ] 0006371 1 Book
Copyright © 2026 Indian Institute of Management Shillong. All Rights Reserved.